000 00939cam a22002415a 4500
001 E151764
008 101207s2010 xxko f 000 0 eng d
020 _a9781848061569
035 _a(Sirsi) u151764
041 0 _aeng
050 0 4 _a333.72 $2 18
100 1 _aHonour, James
245 0 0 _aSustainable housing refurbishment
_ban update on current guidance and sources of information
260 _aWatford
_bBRE
_c2010
300 _a16p.
_bill.
_c30cm.
490 0 _aBRE Information Paper
_v(18/10)
520 _aIncludes guidance on refurbishing houses whilst reducing CO2 emissions, and provides links to relevant websites and other sources of information. Looks at planning issues, health and safety, energy and services, and discusses policy and finance.
521 _aAdvanced
590 _aKA
651 4 _aUnited Kingdom
_y
690 _aENVIRONMENTAL AND LAND CONSULTANCY-ENERGY-ENERGY USE-ENERGY EFFICIENCY
942 _n0
999 _c111606
_d111606